000 00784nas a22002291i#4500
001 1956
003 ES-MaACL
005 20251015165341.0
007 t|
008 950801d18471856sp | | 1 ||pa d
080 _a355
245 0 3 _aLa Revista militar
_b: periódico de arte, ciencia y literatura militar /
_cdir. Eduardo Fernández San Román.
260 _aMadrid :
_bTip. Militar,
_c1847-1856.
300 _a9 v. ;
_c22 cm.
310 _aQuincenal
362 0 _aT. 1 (ag.-dic. 1847)-3ª época, año 10, n. 105 (21 nov. 1856)
650 7 _aArte y ciencia militar
_2embne
_9135619
700 1 _aFernández San Román, Eduardo,
_cMarqués de San Román,
_d1818-1887
_9148574
852 _aES-MaACL
_jHem-49
866 0 _o1847-48,1851-53.
999 _c1956
_d1956